01041nam0a22002291 4500001001100000005001700011035002600028100004100054101000800095102000700103105001800110200002600128210020300154215002400357225010500381320016000486700007300646702003100719801001800750801002200768852002100790rc\282394720250529200328.0 a(NLR Aleph) 006982278 a20110623d1928 |||y0rusy50 ca0 arus aRU ay z |||||1 aНа Колесухе aМоскваcизд-во Всесоюзного о-ва политкаторжан и сс.-поселенцевd1928gкнижная фабрика Центр. изд-ва народов СССР a36 с.d19х13 см1 aДешевая библиотека журнала "Каторга и ссылка"v1928 г. № 26 aБиблиогр.: "Амурская колесная дорога. Библиографическая справка" (17 назв.). Е. Никитина 1aВасильевbП.В.f1885-gПавел Владимирович 1aНикитинаbЕ.4340 0aRUbNLRgpsbo 1aRUbELAR2rusmarc aNLRj41/4000(26)